|
|
|
|
| LEADER |
00000naa2a2200000 4500 |
| 001 |
389905 |
| 005 |
20231101063924.0 |
| 035 |
|
|
|a (RuTPU)RU\TPU\prd\22529
|
| 090 |
|
|
|a 389905
|
| 100 |
|
|
|a 20040210a2003 k y0rusy50 ca
|
| 101 |
0 |
|
|a rus
|
| 102 |
|
|
|a RU
|
| 200 |
1 |
|
|a Простая клавиатура на основе МК
|f А. Фрунзе
|
| 225 |
1 |
|
|a Цифровая техника
|
| 320 |
|
|
|a Библиогр.: 1 назв.
|
| 461 |
|
1 |
|0 (RuTPU)RU\TPU\prd\2494
|t Схемотехника
|o научно-технический журнал
|d 2002-2007
|
| 463 |
|
1 |
|0 (RuTPU)RU\TPU\prd\19087
|t № 9
|v С. 31-34
|d 2003
|
| 610 |
1 |
|
|a клавиатура
|
| 610 |
1 |
|
|a простая клавиатура
|
| 610 |
1 |
|
|a микроконтроллеры
|
| 700 |
|
1 |
|a Фрунзе
|b А.
|
| 801 |
|
1 |
|a RU
|b 63413507
|c 20040210
|g PSBO
|
| 801 |
|
2 |
|a RU
|b 63413507
|c 20131218
|g RCR
|
| 942 |
|
|
|c BK
|